[Event "Stay Safe Play From Home 422"]
[Site "Emanuel Lasker Arena"]
[Date "2020.08.30"]
[Round "2"]
[White "Sfantul321"]
[Black "Hickey"]
[Result "0-1"]
[WhiteElo "1994"]
[BlackElo "2075"]
[Annotator "NA"]
[PlyCount "156"]
[EventDate "2020.08.30"]
[EventType "swiss (blitz)"]

1. c4 {[%emt 0:00:18]} Nf6 {[%emt 0:00:10]} 2. Nc3 {[%emt 0:00:02]} c5 {[%emt 0:00:04]} 3. g3 {[%emt 0:00:01]} d5 {[%emt 0:00:05]} 4. Bg2 {[%emt 0:00:00]} d4 {[%emt 0:00:02]} 5. Ne4 {[%emt 0:00:01]} Nxe4 {[%emt 0:00:02]} 6. Bxe4 {[%emt 0:00:01]} g6 {[%emt 0:00:01]} 7. d3 {[%emt 0:00:01]} Bg7 {[%emt 0:00:01]} 8. Bg2 {[%emt 0:00:01]} O-O {[%emt 0:00:01]} 9. Nf3 {[%emt 0:00:01]} Nc6 {[%emt 0:00:02]} 10. O-O {[%emt 0:00:02]} Qc7 {[%emt 0:00:02]} 11. a3 {[%emt 0:00:04]} b6 {[%emt 0:00:04]} 12. Rb1 {[%emt 0:00:03]} a5 {[%emt 0:00:02]} 13. Bf4 {[%emt 0:00:05]} Qd7 {[%emt 0:00:16]} 14. Qd2 {[%emt 0:00:09]} Bb7 {[%emt 0:00:03]} 15. Bh6 {[%emt 0:00:02]} e5 {[%emt 0:00:02]} 16. Bxg7 {[%emt 0:00:01]} Kxg7 {[%emt 0:00:00]} 17. h3 {[%emt 0:00:08]} Rae8 {[%emt 0:00:02]} 18. e4 {[%emt 0:00:08]} f5 {[%emt 0:00:21]} 19. exf5 {[%emt 0:00:08]} gxf5 {[%emt 0:00:00]} 20. Rbe1 {[%emt 0:00:12]} h6 {[%emt 0:00:07]} 21. Nh4 {[%emt 0:00:02]} Nd8 {[%emt 0:00:10]} 22. Bxb7 {[%emt 0:00:09]} Nxb7 {[%emt 0:00:00]} 23. f4 {[%emt 0:00:07]} e4 {[%emt 0:00:02]} 24. dxe4 {[%emt 0:00:02]} fxe4 {[%emt 0:00:00]} 25. Qe2 {[%emt 0:00:01]} Qxh3 {[%emt 0:00:10]} 26. Qh5 {[%emt 0:00:06]} Qe6 {[%emt 0:00:43]} 27. f5 {[%emt 0:00:08]} Qf6 {[%emt 0:00:12]} 28. Qg4+ {[%emt 0:00:04]} Qg5 {[%emt 0:00:04]} 29. Rxe4 {[%emt 0:00:02]} Rxe4 {[%emt 0:00:03]} 30. Qxe4 {[%emt 0:00:01]} Qxg3+ {[%emt 0:00:01]} 31. Ng2 {[%emt 0:00:07]} Nd6 {[%emt 0:00:04]} 32. f6+ {[%emt 0:00:10]} Rxf6 {[%emt 0:00:13]} 33. Qe7+ {[%emt 0:00:03]} Rf7 {[%emt 0:00:00]} 34. Rxf7+ {[%emt 0:00:08]} Nxf7 {[%emt 0:00:00]} 35. Kh1 {[%emt 0:00:10]} Qg5 {[%emt 0:00:03]} 36. Qe6 {[%emt 0:00:07]} Qh5+ {[%emt 0:00:03]} 37. Kg1 {[%emt 0:00:03]} Qd1+ {[%emt 0:00:01]} 38. Kh2 {[%emt 0:00:01]} Qh5+ {[%emt 0:00:01]} 39. Kg1 {[%emt 0:00:01]} Qg6 {[%emt 0:00:01]} 40. Qd7 {[%emt 0:00:08]} Qb1+ {[%emt 0:00:04]} 41. Kh2 {[%emt 0:00:01]} Qxb2 {[%emt 0:00:03]} 42. Qg4+ {[%emt 0:00:02]} Kf8 {[%emt 0:00:02]} 43. Qc8+ {[%emt 0:00:06]} Ke7 {[%emt 0:00:01]} 44. Qc7+ {[%emt 0:00:02]} Ke6 {[%emt 0:00:01]} 45. Kh3 {[%emt 0:00:01]} Qc3+ {[%emt 0:00:04]} 46. Kh2 {[%emt 0:00:05]} Qb2 {[%emt 0:00:23]} 47. Kg3 {[%emt 0:00:04]} Qb3+ {[%emt 0:00:02]} 48. Kh2 {[%emt 0:00:08]} Qxc4 {[%emt 0:00:02]} 49. Qxb6+ {[%emt 0:00:02]} Nd6 {[%emt 0:00:01]} 50. Nf4+ {[%emt 0:00:05]} Ke5 {[%emt 0:00:01]} 51. Ng6+ {[%emt 0:00:01]} Ke6 {[%emt 0:00:01]} 52. Nf4+ {[%emt 0:00:01]} Kf5 {[%emt 0:00:02]} 53. Qxd6 {[%emt 0:00:04]} Qc2+ {[%emt 0:00:01]} 54. Ng2 {[%emt 0:00:02]} d3 {[%emt 0:00:04]} 55. Qf4+ {[%emt 0:00:02]} Ke6 {[%emt 0:00:01]} 56. Qe4+ {[%emt 0:00:06]} Kd6 {[%emt 0:00:01]} 57. Kg3 {[%emt 0:00:03]} c4 {[%emt 0:00:04]} 58. Nf4 {[%emt 0:00:05]} Qc3 {[%emt 0:00:10]} 59. Qd5+ {[%emt 0:00:03]} Ke7 {[%emt 0:00:02]} 60. Qe6+ {[%emt 0:00:01]} Kd8 {[%emt 0:00:01]} 61. Nd5 {[%emt 0:00:02]} Qg7+ {[%emt 0:00:03]} 62. Kf3 {[%emt 0:00:03]} Qf8+ {[%emt 0:00:02]} 63. Kg2 {[%emt 0:00:06]} Qg7+ {[%emt 0:00:02]} 64. Kf3 {[%emt 0:00:08]} d2 {[%emt 0:00:03]} 65. Ne3 {[%emt 0:00:07]} Qf8+ {[%emt 0:00:02]} 66. Ke2 {[%emt 0:00:01]} Qe7 {[%emt 0:00:02]} 67. Qb6+ {[%emt 0:00:06]} Qc7 {[%emt 0:00:02]} 68. Qd4+ {[%emt 0:00:04]} Qd7 {[%emt 0:00:01]} 69. Qxc4 {[%emt 0:00:01]} h5 {[%emt 0:00:02]} 70. Qg8+ {[%emt 0:00:03]} Kc7 {[%emt 0:00:01]} 71. Qg5 {[%emt 0:00:01]} a4 {[%emt 0:00:03]} 72. Qxh5 {[%emt 0:00:01]} Qe6 {[%emt 0:00:01]} 73. Qa5+ {[%emt 0:00:01]} Qb6 {[%emt 0:00:02]} 74. Qxd2 {[%emt 0:00:00]} Qb5+ {[%emt 0:00:01]} 75. Kf3 {[%emt 0:00:01]} Qh5+ {[%emt 0:00:01]} 76. Ng4 {[%emt 0:00:01]} Qh3+ {[%emt 0:00:00]} 77. Kf4 {[%emt 0:00:01]} Qh7 {[%emt 0:00:01]} 78. Qc3+ {[%emt 0:00:01]} Kd7 {[%emt 0:00:01] Time Time Time (Lag: Av=0.53s, max=1.1s) (Lag: Av=0.53s, max=1.1s) (Lag: Av=0.53s, max=1.1s)} 0-1

[Event "Stay Safe Play From Home 422"]
[Site "Emanuel Lasker Arena"]
[Date "2020.08.30"]
[Round "2"]
[White "Lazieri3"]
[Black "Timbre"]
[Result "1-0"]
[WhiteElo "1981"]
[BlackElo "1618"]
[Annotator "NA"]
[PlyCount "71"]
[EventDate "2020.08.30"]
[EventType "swiss (blitz)"]

1. e4 {[%emt 0:00:01]} c6 {[%emt 0:00:11]} 2. Nf3 {[%emt 0:00:05]} d5 {[%emt 0:00:02]} 3. exd5 {[%emt 0:00:01]} cxd5 {[%emt 0:00:02]} 4. d4 {[%emt 0:00:00]} Nc6 {[%emt 0:00:02]} 5. c3 {[%emt 0:00:01]} Bg4 {[%emt 0:00:04]} 6. Bf4 {[%emt 0:00:01]} Bxf3 {[%emt 0:00:01]} 7. Qxf3 {[%emt 0:00:01]} e6 {[%emt 0:00:01]} 8. Bd3 {[%emt 0:00:01]} Bd6 {[%emt 0:00:03]} 9. Bxd6 {[%emt 0:00:03]} Qxd6 {[%emt 0:00:01]} 10. Nd2 {[%emt 0:00:00]} Nf6 {[%emt 0:00:02]} 11. O-O {[%emt 0:00:01]} O-O {[%emt 0:00:02]} 12. Rfe1 {[%emt 0:00:01]} Rae8 {[%emt 0:00:04]} 13. Qe2 {[%emt 0:00:01]} Re7 {[%emt 0:00:06]} 14. Nf3 {[%emt 0:00:02]} Rfe8 {[%emt 0:00:02]} 15. Ne5 {[%emt 0:00:06]} a6 {[%emt 0:00:02]} 16. Nxc6 {[%emt 0:00:07]} bxc6 {[%emt 0:00:02]} 17. Bxa6 {[%emt 0:00:02]} c5 {[%emt 0:00:02]} 18. dxc5 {[%emt 0:00:02]} Qxc5 {[%emt 0:00:03]} 19. Bd3 {[%emt 0:00:01]} d4 {[%emt 0:00:04]} 20. cxd4 {[%emt 0:00:03]} Qxd4 {[%emt 0:00:02]} 21. b3 {[%emt 0:00:07]} h6 {[%emt 0:00:03]} 22. Red1 {[%emt 0:00:03]} Qh4 {[%emt 0:00:04]} 23. h3 {[%emt 0:00:05]} Qg5 {[%emt 0:00:04]} 24. Bc4 {[%emt 0:00:09]} Nh5 {[%emt 0:00:08]} 25. Qg4 {[%emt 0:00:01]} Qxg4 {[%emt 0:00:05]} 26. hxg4 {[%emt 0:00:00]} Nf4 {[%emt 0:00:01]} 27. f3 {[%emt 0:00:01]} e5 {[%emt 0:00:09]} 28. a4 {[%emt 0:00:03]} e4 {[%emt 0:00:02]} 29. fxe4 {[%emt 0:00:01]} Rxe4 {[%emt 0:00:03]} 30. a5 {[%emt 0:00:03]} Ng6 {[%emt 0:00:09]} 31. Rd7 {[%emt 0:00:10]} Ne5 {[%emt 0:00:09]} 32. Rc7 {[%emt 0:00:17]} Rxg4 {[%emt 0:00:05]} 33. a6 {[%emt 0:00:02]} Nf3+ {[%emt 0:00:06]} 34. Kf2 {[%emt 0:00:09]} Nd2 {[%emt 0:00:07]} 35. Bxf7+ {[%emt 0:00:01]} Kh8 {[%emt 0:00:05]} 36. Bxe8 {[%emt 0:00:01] Timbre resigns Timbre resigns Timbre resigns (Lag: Av=0.56s, max=1.0s) (Lag: Av=0.56s, max=1.0s) (Lag: Av=0.56s, max=1.0s)} 1-0

[Event "Stay Safe Play From Home 422"]
[Site "Emanuel Lasker Arena"]
[Date "2020.08.30"]
[Round "2"]
[White "Padmaesh M K"]
[Black "Ionelluca"]
[Result "1-0"]
[WhiteElo "1779"]
[BlackElo "2034"]
[Annotator "NA"]
[PlyCount "147"]
[EventDate "2020.08.30"]
[EventType "swiss (blitz)"]

1. Nf3 {[%emt 0:00:02]} Nf6 {[%emt 0:00:02]} 2. g3 {[%emt 0:00:01]} b6 {[%emt 0:00:02]} 3. Bg2 {[%emt 0:00:00]} Bb7 {[%emt 0:00:01]} 4. O-O {[%emt 0:00:01]} g6 {[%emt 0:00:01]} 5. c4 {[%emt 0:00:02]} Bg7 {[%emt 0:00:01]} 6. Nc3 {[%emt 0:00:02]} Ne4 {[%emt 0:00:01]} 7. Nxe4 {[%emt 0:00:05]} Bxe4 {[%emt 0:00:02]} 8. d3 {[%emt 0:00:01]} Bb7 {[%emt 0:00:01]} 9. Qb3 {[%emt 0:00:01]} Qc8 {[%emt 0:00:04]} 10. Bd2 {[%emt 0:00:01]} Nc6 {[%emt 0:00:02]} 11. Bc3 {[%emt 0:00:01]} f6 {[%emt 0:00:20]} 12. Rfd1 {[%emt 0:00:08]} O-O {[%emt 0:00:06]} 13. Nd4 {[%emt 0:00:02]} Nxd4 {[%emt 0:00:03]} 14. Bxd4 {[%emt 0:00:00]} Bxg2 {[%emt 0:00:01]} 15. Kxg2 {[%emt 0:00:00]} Qb7+ {[%emt 0:00:01]} 16. Kg1 {[%emt 0:00:02]} c5 {[%emt 0:00:02]} 17. Bc3 {[%emt 0:00:03]} e5 {[%emt 0:00:01]} 18. Qc2 {[%emt 0:00:02]} d6 {[%emt 0:00:03]} 19. a3 {[%emt 0:00:02]} Rad8 {[%emt 0:00:03]} 20. b4 {[%emt 0:00:01]} d5 {[%emt 0:00:02]} 21. cxd5 {[%emt 0:00:02]} Rxd5 {[%emt 0:00:06]} 22. Qb3 {[%emt 0:00:01]} Qf7 {[%emt 0:00:03]} 23. bxc5 {[%emt 0:00:04]} bxc5 {[%emt 0:00:07]} 24. Rab1 {[%emt 0:00:04]} f5 {[%emt 0:00:01]} 25. Qb7 {[%emt 0:00:03]} Rd7 {[%emt 0:00:02]} 26. Qc6 {[%emt 0:00:02]} Rc7 {[%emt 0:00:07]} 27. Qd6 {[%emt 0:00:03]} f4 {[%emt 0:00:15]} 28. Bxe5 {[%emt 0:00:06]} fxg3 {[%emt 0:00:01]} 29. Bxg3 {[%emt 0:00:02]} Rfc8 {[%emt 0:00:19]} 30. Rb5 {[%emt 0:00:09]} Rc6 {[%emt 0:00:06]} 31. Qf4 {[%emt 0:00:04]} c4 {[%emt 0:00:04]} 32. Qxf7+ {[%emt 0:00:03]} Kxf7 {[%emt 0:00:01]} 33. dxc4 {[%emt 0:00:01]} Rxc4 {[%emt 0:00:15]} 34. Rd7+ {[%emt 0:00:02]} Kg8 {[%emt 0:00:02]} 35. Rxa7 {[%emt 0:00:03]} h5 {[%emt 0:00:09]} 36. Rbb7 {[%emt 0:00:09]} Bf6 {[%emt 0:00:03]} 37. Rf7 {[%emt 0:00:03]} Bd4 {[%emt 0:00:02]} 38. Rad7 {[%emt 0:00:03]} g5 {[%emt 0:00:04]} 39. Rfe7 {[%emt 0:00:04]} h4 {[%emt 0:00:02]} 40. Be5 {[%emt 0:00:01]} Bxe5 {[%emt 0:00:33]} 41. Rxe5 {[%emt 0:00:00]} g4 {[%emt 0:00:02]} 42. f3 {[%emt 0:00:09]} gxf3 {[%emt 0:00:08]} 43. exf3 {[%emt 0:00:00]} Rc2 {[%emt 0:00:05]} 44. Rg5+ {[%emt 0:00:04]} Kf8 {[%emt 0:00:03]} 45. Rh5 {[%emt 0:00:01]} Kg8 {[%emt 0:00:20]} 46. Rxh4 {[%emt 0:00:05]} Ra2 {[%emt 0:00:01]} 47. Rg4+ {[%emt 0:00:02]} Kh8 {[%emt 0:00:03]} 48. Rd1 {[%emt 0:00:07]} Rxa3 {[%emt 0:00:03]} 49. Rf1 {[%emt 0:00:01]} Rcc3 {[%emt 0:00:08]} 50. Kg2 {[%emt 0:00:01]} Kh7 {[%emt 0:00:03]} 51. Kg3 {[%emt 0:00:01]} Kh6 {[%emt 0:00:01]} 52. h4 {[%emt 0:00:02]} Rc2 {[%emt 0:00:04]} 53. Re1 {[%emt 0:00:03]} Raa2 {[%emt 0:00:01]} 54. Re6+ {[%emt 0:00:02]} Kh7 {[%emt 0:00:01]} 55. Re5 {[%emt 0:00:05]} Kh6 {[%emt 0:00:05]} 56. Re6+ {[%emt 0:00:07]} Kh7 {[%emt 0:00:02]} 57. Re7+ {[%emt 0:00:01]} Kh6 {[%emt 0:00:04]} 58. Re8 {[%emt 0:00:01]} Rg2+ {[%emt 0:00:02]} 59. Kf4 {[%emt 0:00:01]} Ra4+ {[%emt 0:00:01]} 60. Kf5 {[%emt 0:00:02]} Ra5+ {[%emt 0:00:01]} 61. Re5 {[%emt 0:00:01]} Rxe5+ {[%emt 0:00:09]} 62. Kxe5 {[%emt 0:00:01]} Rh2 {[%emt 0:00:02]} 63. Kf6 {[%emt 0:00:03]} Rf2 {[%emt 0:00:03]} 64. Rg3 {[%emt 0:00:03]} Kh5 {[%emt 0:00:02]} 65. Rh3 {[%emt 0:00:01]} Ra2 {[%emt 0:00:02]} 66. Ke5 {[%emt 0:00:01]} Ra5+ {[%emt 0:00:01]} 67. Kd4 {[%emt 0:00:02]} Ra4+ {[%emt 0:00:01]} 68. Ke3 {[%emt 0:00:01]} Rxh4 {[%emt 0:00:01]} 69. Rxh4+ {[%emt 0:00:02]} Kxh4 {[%emt 0:00:01]} 70. Kf4 {[%emt 0:00:01]} Kh5 {[%emt 0:00:01]} 71. Kf5 {[%emt 0:00:01]} Kh6 {[%emt 0:00:01]} 72. Kf6 {[%emt 0:00:01]} Kh7 {[%emt 0:00:01]} 73. f4 {[%emt 0:00:01]} Kg8 {[%emt 0:00:01]} 74. f5 {[%emt 0:00:07] Time Time Time (Lag: Av=0.50s, max=1.2s) (Lag: Av=0.50s, max=1.2s) (Lag: Av=0.50s, max=1.2s)} 1-0

[Event "Stay Safe Play From Home 422"]
[Site "Emanuel Lasker Arena"]
[Date "2020.08.30"]
[Round "2"]
[White "Kongle"]
[Black "Chungaers"]
[Result "1-0"]
[WhiteElo "1768"]
[BlackElo "1291"]
[Annotator "NA"]
[PlyCount "49"]
[EventDate "2020.08.30"]
[EventType "swiss (blitz)"]

1. c4 {[%emt 0:00:08]} Nf6 {[%emt 0:00:03]} 2. g3 {[%emt 0:00:02]} e5 {[%emt 0:00:02]} 3. Nc3 {[%emt 0:00:01]} c5 {[%emt 0:00:02]} 4. Bg2 {[%emt 0:00:01]} Nc6 {[%emt 0:00:01]} 5. e3 {[%emt 0:00:02]} g6 {[%emt 0:00:01]} 6. Nge2 {[%emt 0:00:02]} Bg7 {[%emt 0:00:01]} 7. d4 {[%emt 0:00:03]} exd4 {[%emt 0:00:03]} 8. exd4 {[%emt 0:00:01]} cxd4 {[%emt 0:00:05]} 9. Nxd4 {[%emt 0:00:02]} O-O {[%emt 0:00:02]} 10. O-O {[%emt 0:00:03]} Qb6 {[%emt 0:00:10]} 11. Ndb5 {[%emt 0:00:08]} a6 {[%emt 0:00:08]} 12. Nd6 {[%emt 0:00:04]} Nb4 {[%emt 0:00:14]} 13. a3 {[%emt 0:00:09]} Nc6 {[%emt 0:00:10]} 14. Nd5 {[%emt 0:00:22]} Nxd5 {[%emt 0:00:05]} 15. Qxd5 {[%emt 0:00:01]} Nd4 {[%emt 0:00:09]} 16. c5 {[%emt 0:00:17]} Qb3 {[%emt 0:00:04]} 17. Qxb3 {[%emt 0:00:20]} Nxb3 {[%emt 0:00:04]} 18. Rb1 {[%emt 0:00:01]} Nxc5 {[%emt 0:00:04]} 19. Be3 {[%emt 0:00:07]} Nd3 {[%emt 0:00:58]} 20. b4 {[%emt 0:00:09]} Be5 {[%emt 0:00:20]} 21. Nxb7 {[%emt 0:00:11]} Rb8 {[%emt 0:00:07]} 22. Nc5 {[%emt 0:00:10]} Nxc5 {[%emt 0:00:03]} 23. Bxc5 {[%emt 0:00:03]} d6 {[%emt 0:00:02]} 24. Ba7 {[%emt 0:00:08]} Rb5 {[%emt 0:00:04]} 25. Bc6 {[%emt 0:00:02] Chungaers resigns Chungaers resigns Chungaers resigns (Lag: Av=0.82s, max=2.9s) (Lag: Av=0.82s, max=2.9s) (Lag: Av=0.82s, max=2.9s)} 1-0

[Event "Stay Safe Play From Home 422"]
[Site "Emanuel Lasker Arena"]
[Date "2020.08.30"]
[Round "2"]
[White "W Nelles"]
[Black "APConnection"]
[Result "0-1"]
[WhiteElo "1346"]
[BlackElo "1694"]
[Annotator "NA"]
[PlyCount "72"]
[EventDate "2020.08.30"]
[EventType "swiss (blitz)"]

1. e4 {[%emt 0:00:03]} c5 {[%emt 0:00:02]} 2. Nf3 {[%emt 0:00:02]} g6 {[%emt 0:00:03]} 3. Bc4 {[%emt 0:00:02]} Bg7 {[%emt 0:00:01]} 4. Ng5 {[%emt 0:00:02]} e6 {[%emt 0:00:01]} 5. O-O {[%emt 0:00:02]} Qxg5 {[%emt 0:00:01]} 6. d4 {[%emt 0:00:02]} Qe7 {[%emt 0:00:06]} 7. dxc5 {[%emt 0:00:02]} Qxc5 {[%emt 0:00:02]} 8. Qd3 {[%emt 0:00:05]} Nc6 {[%emt 0:00:06]} 9. Be3 {[%emt 0:00:01]} Qe7 {[%emt 0:00:08]} 10. c3 {[%emt 0:00:01]} Ne5 {[%emt 0:00:01]} 11. Qe2 {[%emt 0:00:04]} Nxc4 {[%emt 0:00:01]} 12. Qxc4 {[%emt 0:00:02]} Nf6 {[%emt 0:00:01]} 13. Nd2 {[%emt 0:00:02]} d6 {[%emt 0:00:03]} 14. f3 {[%emt 0:00:02]} O-O {[%emt 0:00:02]} 15. Bd4 {[%emt 0:00:05]} Bd7 {[%emt 0:00:03]} 16. e5 {[%emt 0:00:04]} dxe5 {[%emt 0:00:03]} 17. Bxe5 {[%emt 0:00:01]} a6 {[%emt 0:00:02]} 18. Ne4 {[%emt 0:00:06]} Bb5 {[%emt 0:00:02]} 19. Qc7 {[%emt 0:00:07]} Qxc7 {[%emt 0:00:06]} 20. Bxc7 {[%emt 0:00:04]} Nxe4 {[%emt 0:00:04]} 21. fxe4 {[%emt 0:00:04]} Bxf1 {[%emt 0:00:02]} 22. Rxf1 {[%emt 0:00:01]} Rac8 {[%emt 0:00:06]} 23. Ba5 {[%emt 0:00:03]} Rc6 {[%emt 0:00:07]} 24. Bb4 {[%emt 0:00:02]} Rd8 {[%emt 0:00:02]} 25. Be7 {[%emt 0:00:04]} Rd7 {[%emt 0:00:02]} 26. Bf6 {[%emt 0:00:02]} Bxf6 {[%emt 0:00:01]} 27. Rxf6 {[%emt 0:00:05]} Rd2 {[%emt 0:00:00]} 28. Rf1 {[%emt 0:00:02]} Rxb2 {[%emt 0:00:01]} 29. Rd1 {[%emt 0:00:02]} Rxc3 {[%emt 0:00:01]} 30. h4 {[%emt 0:00:01]} Rxa2 {[%emt 0:00:05]} 31. Rd7 {[%emt 0:00:03]} Rb2 {[%emt 0:00:03]} 32. Rd8+ {[%emt 0:00:02]} Kg7 {[%emt 0:00:01]} 33. Kh2 {[%emt 0:00:01]} Rcc2 {[%emt 0:00:01]} 34. Rd7 {[%emt 0:00:03]} Rxg2+ {[%emt 0:00:04]} 35. Kh1 {[%emt 0:00:01]} Rgc2 {[%emt 0:00:03]} 36. h5 {[%emt 0:00:03]} Rb1+ {[%emt 0:00:01] W Nelles gibt auf W Nelles gibt auf W Nelles gibt auf (Lag: Av=0.64s, max=1.2s) (Lag: Av=0.64s, max=1.2s) (Lag: Av=0.64s, max=1.2s)} 0-1

[Event "Stay Safe Play From Home 422"]
[Site "Emanuel Lasker Arena"]
[Date "2020.08.30"]
[Round "3"]
[White "Hickey"]
[Black "Lazieri3"]
[Result "1/2-1/2"]
[WhiteElo "2089"]
[BlackElo "1985"]
[Annotator "NA"]
[PlyCount "73"]
[EventDate "2020.08.30"]
[EventType "swiss (blitz)"]

1. c4 {[%emt 0:00:04]} c5 {[%emt 0:00:38]} 2. g3 {[%emt 0:00:05]} Nc6 {[%emt 0:00:02]} 3. Nf3 {[%emt 0:00:02]} d6 {[%emt 0:00:00]} 4. Bg2 {[%emt 0:00:00]} Bf5 {[%emt 0:00:02]} 5. O-O {[%emt 0:00:01]} Qc8 {[%emt 0:00:01]} 6. d4 {[%emt 0:00:03]} cxd4 {[%emt 0:00:08]} 7. Nxd4 {[%emt 0:00:00]} Nxd4 {[%emt 0:00:01]} 8. Qxd4 {[%emt 0:00:00]} Bh3 {[%emt 0:00:01]} 9. Nc3 {[%emt 0:00:07]} Bxg2 {[%emt 0:00:03]} 10. Kxg2 {[%emt 0:00:00]} Nf6 {[%emt 0:00:00]} 11. b3 {[%emt 0:00:05]} g6 {[%emt 0:00:01]} 12. Bb2 {[%emt 0:00:08]} Bg7 {[%emt 0:00:06]} 13. Nd5 {[%emt 0:00:02]} Qd7 {[%emt 0:00:01]} 14. Qd2 {[%emt 0:00:11]} Nh5 {[%emt 0:00:20]} 15. Bxg7 {[%emt 0:00:10]} Nxg7 {[%emt 0:00:00]} 16. e4 {[%emt 0:00:09]} O-O {[%emt 0:00:01]} 17. f4 {[%emt 0:00:03]} Ne6 {[%emt 0:00:10]} 18. Kh1 {[%emt 0:00:07]} Nc7 {[%emt 0:00:01]} 19. Nc3 {[%emt 0:00:09]} Rad8 {[%emt 0:00:02]} 20. Rad1 {[%emt 0:00:01]} a6 {[%emt 0:00:01]} 21. Qg2 {[%emt 0:00:05]} Qc6 {[%emt 0:00:03]} 22. Nd5 {[%emt 0:00:08]} Nxd5 {[%emt 0:00:02]} 23. exd5 {[%emt 0:00:00]} Qd7 {[%emt 0:00:04]} 24. f5 {[%emt 0:00:04]} gxf5 {[%emt 0:00:04]} 25. Qh3 {[%emt 0:00:10]} e6 {[%emt 0:00:02]} 26. Qh6 {[%emt 0:00:01]} Qe7 {[%emt 0:00:20]} 27. Rde1 {[%emt 0:00:03]} Rfe8 {[%emt 0:00:13]} 28. Rxf5 {[%emt 0:00:13]} exf5 {[%emt 0:00:11]} 29. Rxe7 {[%emt 0:00:00]} Rxe7 {[%emt 0:00:00]} 30. Qg5+ {[%emt 0:00:02]} Kf8 {[%emt 0:00:01]} 31. Qxf5 {[%emt 0:00:01]} Re2 {[%emt 0:00:11]} 32. Qf6 {[%emt 0:00:18]} Rde8 {[%emt 0:00:07]} 33. Qxd6+ {[%emt 0:00:03]} Kg8 {[%emt 0:00:01]} 34. Qd7 {[%emt 0:00:11]} Kf8 {[%emt 0:00:02]} 35. Qd6+ {[%emt 0:00:04]} Kg8 {[%emt 0:00:01]} 36. Qd7 {[%emt 0:00:19]} Kf8 {[%emt 0:00:02]} 37. Qd6+ {[%emt 0:00:01] (Lag: Av=0.76s, max=1.6s) (Lag: Av=0.76s, max=1.6s) (Lag: Av=0.76s, max=1.6s)} 1/2-1/2

[Event "Stay Safe Play From Home 422"]
[Site "Emanuel Lasker Arena"]
[Date "2020.08.30"]
[Round "3"]
[White "Ionelluca"]
[Black "Haris kollari 13"]
[Result "1-0"]
[WhiteElo "2007"]
[BlackElo "1944"]
[Annotator "NA"]
[PlyCount "61"]
[EventDate "2020.08.30"]
[EventType "swiss (blitz)"]

1. c4 {[%emt 0:00:05]} b6 {[%emt 0:00:02]} 2. Nf3 {[%emt 0:00:02]} Bb7 {[%emt 0:00:01]} 3. g3 {[%emt 0:00:01]} g6 {[%emt 0:00:01]} 4. Bg2 {[%emt 0:00:01]} Bg7 {[%emt 0:00:01]} 5. Nc3 {[%emt 0:00:01]} Nc6 {[%emt 0:00:01]} 6. d3 {[%emt 0:00:01]} h5 {[%emt 0:00:04]} 7. h4 {[%emt 0:00:04]} e6 {[%emt 0:00:08]} 8. Bg5 {[%emt 0:00:04]} f6 {[%emt 0:00:01]} 9. Bd2 {[%emt 0:00:02]} Qe7 {[%emt 0:00:01]} 10. a3 {[%emt 0:00:02]} Nh6 {[%emt 0:00:11]} 11. d4 {[%emt 0:00:02]} Nxd4 {[%emt 0:00:13]} 12. Bxh6 {[%emt 0:00:07]} Nxf3+ {[%emt 0:00:04]} 13. Bxf3 {[%emt 0:00:05]} Bxf3 {[%emt 0:00:02]} 14. Bxg7 {[%emt 0:00:01]} Bxh1 {[%emt 0:00:04]} 15. Bxh8 {[%emt 0:00:01]} O-O-O {[%emt 0:00:09]} 16. Qa4 {[%emt 0:00:09]} Bb7 {[%emt 0:00:14]} 17. Qxa7 {[%emt 0:00:12]} Rxh8 {[%emt 0:00:01]} 18. O-O-O {[%emt 0:00:01]} Re8 {[%emt 0:00:08]} 19. Nb5 {[%emt 0:00:06]} Qc5 {[%emt 0:00:03]} 20. Qa4 {[%emt 0:00:07]} Kb8 {[%emt 0:00:03]} 21. Rxd7 {[%emt 0:00:11]} e5 {[%emt 0:00:43]} 22. Rxc7 {[%emt 0:00:16]} Qxb5 {[%emt 0:00:19]} 23. Qxb5 {[%emt 0:00:05]} Kxc7 {[%emt 0:00:01]} 24. Qxe8 {[%emt 0:00:02]} Be4 {[%emt 0:00:01]} 25. Qe7+ {[%emt 0:00:02]} Kc6 {[%emt 0:00:01]} 26. Qxf6+ {[%emt 0:00:02]} Kb7 {[%emt 0:00:03]} 27. Qxe5 {[%emt 0:00:03]} Bf5 {[%emt 0:00:01]} 28. e4 {[%emt 0:00:04]} Bd7 {[%emt 0:00:02]} 29. Qg7 {[%emt 0:00:04]} Kc7 {[%emt 0:00:01]} 30. Qxg6 {[%emt 0:00:01]} Bf5 {[%emt 0:00:01]} 31. exf5 {[%emt 0:00:03] Haris kollari 13 resigns Haris kollari 13 resigns Haris kollari 13 resigns (Lag: Av=0.51s, max=0.9s) (Lag: Av=0.51s, max=0.9s) (Lag: Av=0.51s, max=0.9s)} 1-0

[Event "Stay Safe Play From Home 422"]
[Site "Emanuel Lasker Arena"]
[Date "2020.08.30"]
[Round "3"]
[White "Sfantul321"]
[Black "KING o KONG"]
[Result "1-0"]
[WhiteElo "1981"]
[BlackElo "1203"]
[Annotator "NA"]
[PlyCount "49"]
[EventDate "2020.08.30"]
[EventType "swiss (blitz)"]

1. c4 {[%emt 0:00:01]} d6 {[%emt 0:00:02]} 2. Nc3 {[%emt 0:00:01]} e6 {[%emt 0:00:01]} 3. g3 {[%emt 0:00:01]} b6 {[%emt 0:00:04]} 4. Bg2 {[%emt 0:00:01]} c6 {[%emt 0:00:04]} 5. e4 {[%emt 0:00:01]} Bb7 {[%emt 0:00:01]} 6. d4 {[%emt 0:00:01]} Be7 {[%emt 0:00:03]} 7. Nge2 {[%emt 0:00:01]} h5 {[%emt 0:00:04]} 8. h4 {[%emt 0:00:01]} g6 {[%emt 0:00:02]} 9. O-O {[%emt 0:00:01]} Qd7 {[%emt 0:00:02]} 10. Rb1 {[%emt 0:00:02]} Qc7 {[%emt 0:00:01]} 11. f4 {[%emt 0:00:01]} Nd7 {[%emt 0:00:01]} 12. Be3 {[%emt 0:00:02]} Ngf6 {[%emt 0:00:01]} 13. f5 {[%emt 0:00:04]} Ng4 {[%emt 0:00:02]} 14. Bf4 {[%emt 0:00:06]} gxf5 {[%emt 0:00:06]} 15. exf5 {[%emt 0:00:02]} Rg8 {[%emt 0:00:02]} 16. fxe6 {[%emt 0:00:02]} fxe6 {[%emt 0:00:01]} 17. Qd3 {[%emt 0:00:04]} O-O-O {[%emt 0:00:03]} 18. Qe4 {[%emt 0:00:10]} e5 {[%emt 0:00:03]} 19. d5 {[%emt 0:00:02]} exf4 {[%emt 0:00:02]} 20. dxc6 {[%emt 0:00:02]} Nc5 {[%emt 0:00:16]} 21. cxb7+ {[%emt 0:00:03]} Nxb7 {[%emt 0:00:07]} 22. Nd5 {[%emt 0:00:06]} Qc5+ {[%emt 0:00:04]} 23. Kh1 {[%emt 0:00:07]} Ne3 {[%emt 0:00:05]} 24. Nxe3 {[%emt 0:00:06]} Rge8 {[%emt 0:00:05]} 25. Qxb7# {[%emt 0:00:02] (Lag: Av=0.25s, max=1.1s) (Lag: Av=0.25s, max=1.1s) (Lag: Av=0.25s, max=1.1s) Mate Mate Mate} 1-0